000 00607nam a22002413 4500
001 97140
005 20230411090056.0
008 090323s2009 xx 000 0 eng d
035 _a(OCoLC)ocn316835265
040 _aBTCTA
_cBTCTA
020 _a9780872894563
020 _a0872894568
035 _a(OCoLC)316835265
049 _aGRAL
245 0 0 _aJudicial Staff Directory Winter 2010.
260 _bCq Pr
_c2009.
300 _ap.
_ccm.
720 _aDriggins-henly, Claudia
_4edt
938 _aBaker and Taylor
_bBTCP
_nBK0008250762
942 _2lcc
_cbk
994 _aC0
_bDRFGD
946 _aYM
999 _c112048
_d112048